One Hundred Famous Views of Edo (Record no. 321)

MARC details
000 -CABECERA
campo de control de longitud fija 01193nam a2200325 a 4500
001 - NÚMERO DE CONTROL
campo de control BRCA_385
005 - FECHA Y HORA DE LA ÚLTIMA TRANSACCIÓN
campo de control 20190320203003.0
008 - DATOS DE LONGITUD FIJA--INFORMACIÓN GENERAL
campo de control de longitud fija 860113s1986 nyua---##b---#000-0#eng-d
041 ## - CÓDIGO DE LENGUA
Código de lengua del texto/banda sonora o título independiente eng
044 ## - CÓDIGO DEL PAÍS DE LA ENTIDAD EDITORA/PRODUCTORA
Código MARC del país nyu
050 #4 - SIGNATURA TOPOGRÁFICA DE LA BIBLIOTECA DEL CONGRESO
Número de clasificación NE1325
Número de documento/Ítem .A53 1986
100 1# - ENTRADA PRINCIPAL--NOMBRE DE PERSONA
Nombre de persona Ando, Hiroshige
Fechas asociadas al nombre 1797-1858
9 (RLIN) 1295
245 10 - MENCIÓN DE TÍTULO
Título One Hundred Famous Views of Edo
Mención de responsabilidad, etc. Hiroshige ; Introductory Essays by Henry D. Smith II and Amy G. Poster ; Commentaries on the Plates by Henry D. Smith ; Preface by Robert Buck.
260 ## - PUBLICACIÓN, DISTRIBUCIÓN, ETC.
Lugar de publicación, distribución, etc. Nueva York
Nombre del editor, distribuidor, etc. G. Braziller
Fecha de publicación, distribución, etc. 1986.
300 ## - DESCRIPCIÓN FÍSICA
Extensión 256 p.
Otras características físicas il.
Dimensiones 37 cm.
500 ## - NOTA GENERAL
Nota general Titulo del lomo: Hiroshige
500 ## - NOTA GENERAL
Nota general Láminas reproducidas de la serie de impresiones en el museo de Brooklyn, Brooklyn, N.Y., número de acceso X648.1
500 ## - NOTA GENERAL
Nota general Donación Fundación Japón
504 ## - NOTA DE BIBLIOGRAFÍA, ETC.
Nota de bibliografía, etc. Bibliografía: p. 256.
600 14 - PUNTO DE ACCESO ADICIONAL DE MATERIA--NOMBRE DE PERSONA
Nombre de persona Ando, Hiroshige
Fechas asociadas al nombre 1797-1858
9 (RLIN) 1295
610 24 - PUNTO DE ACCESO ADICIONAL DE MATERIA--NOMBRE DE ENTIDAD CORPORATIVA
Nombre de entidad corporativa o nombre de jurisdicción como elemento de entrada Brooklyn Museum
9 (RLIN) 1296
650 14 - PUNTO DE ACCESO ADICIONAL DE MATERIA--TÉRMINO DE MATERIA
Término de materia o nombre geográfico como elemento de entrada Ukiyoe
9 (RLIN) 1161
650 14 - PUNTO DE ACCESO ADICIONAL DE MATERIA--TÉRMINO DE MATERIA
Término de materia o nombre geográfico como elemento de entrada Tokyo (Japan) en arte
9 (RLIN) 1297
700 1# - PUNTO DE ACCESO ADICIONAL--NOMBRE DE PERSONA
Nombre de persona Smith, Henry DeWitt
9 (RLIN) 1298
700 1# - PUNTO DE ACCESO ADICIONAL--NOMBRE DE PERSONA
Nombre de persona Buck, Robert
9 (RLIN) 1299
700 1# - PUNTO DE ACCESO ADICIONAL--NOMBRE DE PERSONA
Nombre de persona Poster, Amy G.
Fechas asociadas al nombre 1946-
9 (RLIN) 1300
710 2# - PUNTO DE ACCESO ADICIONAL--NOMBRE DE ENTIDAD CORPORATIVA
Nombre de entidad corporativa o nombre de jurisdicción como elemento de entrada Brooklyn Museum of Art (Nueva York)
9 (RLIN) 1301
902 ## - CATALOGADOR
Iniciales DFJ
942 ## - ELEMENTOS DE PUNTO DE ACCESO ADICIONAL (KOHA)
Fuente del sistema de clasificación o colocación Library of Congress Classification
Tipo de ítem Koha Libros
Holdings
Estado de retiro Estado de pérdida Estado dañado No para préstamo Localización permanente Ubicación/localización actual Fecha de adquisición Total de préstamos Signatura topográfica completa Código de barras Fecha visto por última vez Precio válido a partir de Tipo de ítem Koha
El ejemplar forma parte de la colección y puede ser consultado según las políticas vigentes.       Biblioteca del Museo Franz Mayer (Rogerio Casas-Alatriste) Biblioteca del Museo Franz Mayer (Rogerio Casas-Alatriste) 25/06/2008   NE1325 .A53 1986 DFJ00026 22/03/2019 22/03/2019 Libros